[Event "Torneo Zonale"]
[Site "Praia da Rocha POR"]
[Date "1978.11.??"]
[Round "?"]
[White "Bouaziz, Slim"]
[Black "Mariotti, Sergio"]
[WhiteElo "2365"]
[BlackElo "2475"]
[Result "0-1"]
[PlyCount "90"]
[EventDate "1978.11.22"]

1. e4 e6 2. d4 d5 3. Nc3 Bb4 4. e5 c5 5. a3 Bxc3+ 6. bxc3 Ne7 7. Nf3 Nbc6 8. a4
Qa5 9. Bd2 Bd7 10. Be2 f6 11. exf6 gxf6 12. c4 Qc7 13. cxd5 Nxd5 14. c4 Nde7
15. dxc5 O-O-O 16. a5 a6 17. Qb3 Rhg8 18. O-O Rg7 19. Rab1 e5 20. Rfd1 e4 21.
Nh4 Nd4 22. Qe3 Bc6 23. Bc3 Nxe2+ 24. Qxe2 Rxd1+ 25. Rxd1 Qf4 26. Qh5 e3 27.
Be1 e2 28. Rd3 Qxh4 29. Qxh4 Rxg2+ 30. Kh1 Rg4+ 31. f3 Rxh4 32. Bxh4 Ng6 33.
Bg3 Ne5 34. Re3 Nxf3 35. Rxe2 Nd4+ 36. Rg2 Nb3 37. Be1 Kd7 38. Kg1 Bxg2 39.
Kxg2 Kc6 40. Kf3 Kxc5 41. Ke4 Kxc4 42. Bh4 Nxa5 43. Kf5 Nc6 44. Kxf6 b5 45. Kg7
b4 0-1

[Event "Torneo Zonale"]
[Site "Praia da Rocha POR"]
[Date "1978.11.??"]
[Round "?"]
[White "Camilleri, Henry"]
[Black "Mariotti, Sergio"]
[WhiteElo "2215"]
[BlackElo "2475"]
[Result "0-1"]
[PlyCount "42"]
[EventDate "1978.11.22"]

1. e4 c5 2. Nc3 e6 3. g3 h5 4. Bg2 Nc6 5. Nf3 g5 6. d3 Be7 7. Be3 d5 8. exd5
exd5 9. d4 c4 10. Qd2 g4 11. Ne5 Nf6 12. O-O-O Be6 13. Nxc4 Rc8 14. Ne5 Qa5 15.
Nd3 Nb4 16. Nc5 b6 17. Nb3 Nxa2+ 18. Nxa2 Qxa2 19. Qd3 Ne4 20. Qb5+ Kd8 21. Nd2
Nc3 0-1

[Event "Torneo Zonale"]
[Site "Praia da Rocha POR"]
[Date "1978.11.??"]
[Round "?"]
[White "Camilleri, Henry"]
[Black "Toth, Bela"]
[WhiteElo "2215"]
[BlackElo "2480"]
[Result "0-1"]
[PlyCount "80"]
[EventDate "1978.11.22"]

1. e4 e5 2. Nf3 Nc6 3. d4 exd4 4. Bc4 Nf6 5. e5 d5 6. Bb5 Ne4 7. Nxd4 Bc5 8.
Be3 Bd7 9. Bxc6 bxc6 10. O-O Qe7 11. f3 Nd6 12. Re1 Nc4 13. Bc1 O-O 14. Kh1 Qh4
15. c3 Rae8 16. f4 Bg4 17. Nf3 Bxf3 18. gxf3 Qh3 19. b3 Nd6 20. Ba3 Bxa3 21.
Nxa3 Nf5 22. Rg1 f6 23. Qe2 Qh6 24. Rg4 fxe5 25. fxe5 Ne3 26. Rg3 Rxe5 27. Rag1
g6 28. Nc2 Rfe8 29. Nd4 c5 30. Qd3 Kg7 31. f4 Re4 32. Rxe3 cxd4 33. Rxe4 Rxe4
34. cxd4 Qxf4 35. Rf1 Rxd4 36. Qb5 Qe4+ 37. Kg1 Qe3+ 38. Kh1 Qe4+ 39. Kg1 Qe7
40. h3 Rd2 0-1

[Event "Torneo Zonale"]
[Site "Praia da Rocha POR"]
[Date "1978.11.??"]
[Round "?"]
[White "Durao, Joaquim Manuel"]
[Black "Toth, Bela"]
[WhiteElo "2315"]
[BlackElo "2480"]
[Result "0-1"]
[PlyCount "74"]
[EventDate "1978.11.22"]

1. e4 e5 2. Nf3 Nf6 3. d3 Nc6 4. Be2 g6 5. O-O Bg7 6. c3 O-O 7. Nbd2 d6 8. Qc2
Nh5 9. Nc4 b5 10. Ne3 Nf4 11. a4 Nxe2+ 12. Qxe2 b4 13. Nd5 bxc3 14. bxc3 Ne7
15. c4 c6 16. Nc3 h6 17. Ba3 Be6 18. Rab1 Qc7 19. Rb3 Rab8 20. Rfb1 Rxb3 21.
Rxb3 f5 22. Qb2 Bc8 23. Rb8 Kh7 24. Qb4 c5 25. Qb1 Nc6 26. Rb5 Qf7 27. exf5
Bxf5 28. Rb7 Qe6 29. Bc1 Kh8 30. Nd5 e4 31. Bb2 Nd4 32. Re7 exf3 33. Bxd4 Bxd4
34. Rxe6 Bxe6 35. Qc1 Kh7 36. Ne3 fxg2 37. Kxg2 Bf5 0-1

[Event "Torneo Zonale"]
[Site "Praia da Rocha POR"]
[Date "1978.11.??"]
[Round "?"]
[White "Ljubojevic, Ljubomir"]
[Black "Mariotti, Sergio"]
[WhiteElo "2605"]
[BlackElo "2475"]
[Result "1/2-1/2"]
[PlyCount "92"]
[EventDate "1978.11.22"]

1. e4 e6 2. d3 d5 3. Nd2 Nf6 4. Ngf3 b6 5. c3 Be7 6. Qa4+ Nfd7 7. d4 c5 8. Bd3
cxd4 9. cxd4 Bb7 10. O-O dxe4 11. Bxe4 Qc8 12. Re1 O-O 13. Re3 Bc6 14. Qc2 Bxe4
15. Qxe4 Na6 16. Rc3 Qd8 17. Qb7 Nb4 18. Ne4 Nd5 19. Rc4 N7f6 20. Nxf6+ Bxf6
21. Bd2 Qd6 22. Rac1 h6 23. b4 Qb8 24. Qa6 Rd8 25. Rc6 Be7 26. a3 Bd6 27. g3
Ne7 28. R6c2 Rd7 29. b5 Qd8 30. Be1 Kh7 31. Qa4 Nd5 32. Ne5 Bxe5 33. dxe5 Qg5
34. Qe4+ Qg6 35. Qe2 a6 36. bxa6 Rda7 37. Rc4 Rxa6 38. Bb4 Nxb4 39. Rxb4 Rxa3
40. Rxb6 Ra2 41. Rb2 Rxb2 42. Qxb2 Qe4 43. Qc2 Ra4 44. Qxe4+ Rxe4 45. Rc5 Kg6
46. Kg2 Rd4 1/2-1/2

[Event "Torneo Zonale"]
[Site "Praia da Rocha POR"]
[Date "1978.11.??"]
[Round "?"]
[White "Ljubojevic, Ljubomir"]
[Black "Tatai, Stefano"]
[WhiteElo "2605"]
[BlackElo "2455"]
[Result "0-1"]
[PlyCount "96"]
[EventDate "1978.11.22"]

1. e4 e5 2. Nf3 Nc6 3. d4 exd4 4. Nxd4 Bc5 5. Nb3 Bb6 6. a4 Qf6 7. Qe2 a5 8.
Na3 d6 9. Be3 Bxe3 10. Qxe3 Be6 11. Nb5 Rc8 12. O-O-O Nge7 13. g3 O-O 14. f4
Qh6 15. Bg2 f5 16. exf5 Bxf5 17. Nxa5 Nxa5 18. Qxe7 Rfe8 19. Qg5 Qxg5 20. fxg5
Be4 21. Bxe4 Rxe4 22. b3 Rce8 23. Rhf1 R4e7 24. Nc3 Nc6 25. Nd5 Rd7 26. h4 Ne5
27. Kb2 c6 28. Nf4 d5 29. Rfe1 Rde7 30. Kc3 g6 31. a5 Kg7 32. Re3 h6 33. gxh6+
Kxh6 34. Ree1 g5 35. hxg5+ Kxg5 36. Nd3 d4+ 37. Kxd4 Nf3+ 38. Kc5 Nxe1 39. Rxe1
Rxe1 40. Nxe1 Rxe1 41. Kb6 Re7 42. c4 Kf5 43. b4 Ke5 44. b5 cxb5 45. cxb5 Kd6
46. a6 bxa6 47. bxa6 Re3 48. Kb7 Kd7 0-1

[Event "Torneo Zonale"]
[Site "Praia da Rocha POR"]
[Date "1978.11.??"]
[Round "?"]
[White "Mariotti, Sergio"]
[Black "Makropoulos, Georgios"]
[WhiteElo "2475"]
[BlackElo "2345"]
[Result "0-1"]
[PlyCount "70"]
[EventDate "1978.11.22"]

1. Nf3 Nf6 2. c4 b6 3. g3 c5 4. Bg2 Bb7 5. O-O e6 6. Nc3 d6 7. d4 cxd4 8. Qxd4
a6 9. b3 Nbd7 10. Bb2 Be7 11. Rfd1 O-O 12. e4 Qc7 13. Qe3 Rfe8 14. h3 Bf8 15.
Rac1 Rac8 16. g4 Qb8 17. g5 Nh5 18. Qd2 Nc5 19. Nd4 d5 20. exd5 Nf4 21. Nde2
Nxg2 22. Kxg2 exd5 23. cxd5 Rcd8 24. Qf4 Bd6 25. Qg4 Be5 26. Kg1 a5 27. Rd2 Bc8
28. Qf3 b5 29. h4 b4 30. Nd1 Ne4 31. Rd3 Ba6 32. Re3 Nd2 33. Qh3 Bxb2 34. Nxb2
Bxe2 35. Rxe8+ Rxe8 0-1

[Event "Torneo Zonale"]
[Site "Praia da Rocha POR"]
[Date "1978.11.??"]
[Round "?"]
[White "Mariotti, Sergio"]
[Black "Toth, Bela"]
[WhiteElo "2475"]
[BlackElo "2480"]
[Result "1-0"]
[PlyCount "83"]
[EventDate "1978.11.22"]

1. c4 e5 2. Nc3 Nf6 3. Nf3 Nc6 4. g3 d5 5. cxd5 Nxd5 6. Bg2 Nb6 7. O-O Be7 8.
d3 O-O 9. a3 Be6 10. b4 f5 11. Bb2 Bf6 12. Rb1 Nd4 13. Nd2 Nd5 14. Na4 Bf7 15.
e3 Nb5 16. Nc4 Qe7 17. Qc2 Rfe8 18. Na5 c6 19. Nc5 Nd6 20. e4 fxe4 21. Nxe4
Nxe4 22. Bxe4 Kh8 23. Rbc1 Rad8 24. Nc4 Qd7 25. Rfe1 Re7 26. Bg2 Qf5 27. Qe2
Bh5 28. Qf1 Nb6 29. Be4 Qe6 30. Ne3 Bg5 31. Rc5 Bxe3 32. Rxe5 Qxe5 33. Bxe5 Bd2
34. f4 Bxe1 35. Qxe1 Nd5 36. g4 Bg6 37. Qh4 Bxe4 38. dxe4 Nf6 39. g5 Rd1+ 40.
Kg2 Nxe4 41. g6 Nf6 42. Bxf6 1-0

[Event "Torneo Zonale"]
[Site "Praia da Rocha POR"]
[Date "1978.11.??"]
[Round "?"]
[White "Matulovic, Milan"]
[Black "Mariotti, Sergio"]
[WhiteElo "2525"]
[BlackElo "2475"]
[Result "1/2-1/2"]
[PlyCount "79"]
[EventDate "1978.11.22"]

1. e4 c5 2. Nf3 Qc7 3. d4 cxd4 4. Nxd4 Nc6 5. Nc3 e6 6. Be2 a6 7. O-O Nf6 8.
Be3 Bb4 9. Na4 O-O 10. Nxc6 bxc6 11. Nb6 Rb8 12. Nxc8 Rfxc8 13. Bxa6 Rd8 14.
Bd3 Bd6 15. f4 e5 16. f5 Rxb2 17. g4 h6 18. h4 Bf8 19. g5 Nd5 20. exd5 e4 21.
Bf4 Qa7+ 22. Kh1 exd3 23. Qxd3 Rxa2 24. Rxa2 Qxa2 25. dxc6 Qa8 26. gxh6 Qxc6+
27. Kh2 Rc8 28. hxg7 Qxc2+ 29. Qxc2 Rxc2+ 30. Kg3 Bxg7 31. Rd1 Rc5 32. Rxd7
Rxf5 33. Kg4 Rc5 34. h5 Rc6 35. Rd8+ Kh7 36. Rd7 Kg8 37. Kf5 Rc5+ 38. Kg4 Rc6
39. Rd6 Rxd6 40. Bxd6 1/2-1/2

[Event "Torneo Zonale"]
[Site "Praia da Rocha POR"]
[Date "1978.11.??"]
[Round "?"]
[White "Santos, Luis M."]
[Black "Mariotti, Sergio"]
[WhiteElo "2255"]
[BlackElo "2475"]
[Result "0-1"]
[PlyCount "46"]
[EventDate "1978.11.22"]

1. c4 c5 2. Nf3 Nc6 3. Nc3 Nf6 4. d4 cxd4 5. Nxd4 e6 6. g3 Qb6 7. Nb3 Bb4 8.
Bg2 Ne5 9. Nd2 O-O 10. Qc2 Rd8 11. O-O d5 12. cxd5 exd5 13. Nb3 d4 14. Na4 Qb5
15. Nac5 Bg4 16. f3 Bh5 17. a4 Qb6 18. a5 Qb5 19. Nd3 Bg6 20. Rd1 Rac8 21. Qb1
Bf8 22. Qa2 Nxd3 23. exd3 Bxd3 0-1

[Event "Torneo Zonale"]
[Site "Praia da Rocha POR"]
[Date "1978.11.??"]
[Round "?"]
[White "Skalkotas, Nikolaos"]
[Black "Mariotti, Sergio"]
[WhiteElo "2285"]
[BlackElo "2475"]
[Result "1-0"]
[PlyCount "107"]
[EventDate "1978.11.22"]

1. Nf3 e6 2. c4 f5 3. g3 Nf6 4. Bg2 Be7 5. O-O O-O 6. d4 d5 7. b3 c6 8. Ba3
Nbd7 9. Qc2 Bxa3 10. Nxa3 Qe7 11. Qb2 a5 12. Rac1 Ne4 13. Nb1 g5 14. Nbd2 a4
15. c5 axb3 16. axb3 g4 17. Ne5 Nxe5 18. Nxe4 fxe4 19. dxe5 Qg5 20. Ra1 Rb8 21.
Qd4 Rf5 22. Bxe4 Rxe5 23. Bd3 Qg7 24. f4 gxf3 25. exf3 Rh5 26. Qxg7+ Kxg7 27.
f4 Kf6 28. Kg2 e5 29. fxe5+ Kxe5 30. Rf4 Bh3+ 31. Kf2 d4 32. Bc4 Rf5 33. Re1+
Kf6 34. Re6+ Kg5 35. Rxf5+ Bxf5 36. Rd6 Ra8 37. h4+ Kg4 38. Rxd4+ Kh3 39. Bf1+
Kh2 40. g4 Bc2 41. b4 Rf8+ 42. Ke1 Kg3 43. g5 Rf4 44. Rxf4 Kxf4 45. Kd2 Be4 46.
Bc4 Bf5 47. Bf7 Bd7 48. Bg8 Bf5 49. Ke2 Ke4 50. Kf2 Kf4 51. Bb3 Bd7 52. Bc2 Kg4
53. Ke3 Kxh4 54. Kf4 1-0

[Event "Torneo Zonale"]
[Site "Praia da Rocha POR"]
[Date "1978.11.??"]
[Round "?"]
[White "Tatai, Stefano"]
[Black "Ivkov, Borislav"]
[WhiteElo "2455"]
[BlackElo "2515"]
[Result "0-1"]
[PlyCount "80"]
[EventDate "1978.11.22"]

1. d4 Nf6 2. c4 e6 3. g3 Bb4+ 4. Bd2 Qe7 5. Nf3 Nc6 6. Nc3 Bxc3 7. Bxc3 Ne4 8.
Rc1 O-O 9. Bg2 a5 10. O-O d6 11. Be1 f5 12. d5 Nd8 13. Nd2 Nc5 14. Nb3 b6 15.
Nxc5 bxc5 16. Rc3 e5 17. f4 e4 18. Ra3 Nb7 19. Qc2 Bd7 20. g4 c6 21. Rg3 cxd5
22. cxd5 Rae8 23. gxf5 Bxf5 24. Bc3 Rf7 25. Kh1 e3 26. Rxg7+ Rxg7 27. Qxf5 Rg6
28. Qh5 Nd8 29. f5 Rg5 30. Qf3 Qf7 31. Qf4 Qh5 32. Bf3 Qh6 33. h4 Nf7 34. Kh2
Kf8 35. Kh3 Rg8 36. Qxh6+ Nxh6 37. Bh5 Re4 38. f6 Ng4 39. f7 Nf2+ 40. Rxf2
Rxh4+ 0-1

[Event "Torneo Zonale"]
[Site "Praia da Rocha POR"]
[Date "1978.11.??"]
[Round "?"]
[White "Tatai, Stefano"]
[Black "Matulovic, Milan"]
[WhiteElo "2455"]
[BlackElo "2525"]
[Result "1-0"]
[PlyCount "91"]
[EventDate "1978.11.22"]

1. d4 Nf6 2. c4 c5 3. d5 d6 4. Nc3 g6 5. e4 Bg7 6. Bd3 O-O 7. h3 e6 8. Nf3 exd5
9. exd5 Re8+ 10. Be3 Nh5 11. O-O f5 12. Bg5 Qb6 13. Re1 Bd7 14. Qc2 Na6 15. a3
Nf6 16. Rab1 Rxe1+ 17. Rxe1 Re8 18. Rxe8+ Bxe8 19. Bd2 Qd8 20. Ng5 Nc7 21. f4
Bd7 22. Nd1 Qe8 23. Nf2 b5 24. b3 bxc4 25. bxc4 Na8 26. g3 Nb6 27. Kg2 h6 28.
Nf3 Ba4 29. Qb1 Ne4 30. Ba5 Nxf2 31. Kxf2 Nd7 32. g4 fxg4 33. hxg4 g5 34. fxg5
hxg5 35. Bh7+ Kh8 36. Qh1 Qe7 37. Bc2+ Kg8 38. Qh7+ Kf8 39. Qf5+ Kg8 40. Bxa4
Ne5 41. Nxe5 Bxe5 42. Qe6+ Kf8 43. Qxe7+ Kxe7 44. Bb5 Bd4+ 45. Kf3 Bb2 46. a4
1-0

[Event "Torneo Zonale"]
[Site "Praia da Rocha POR"]
[Date "1978.11.??"]
[Round "?"]
[White "Toth, Bela"]
[Black "Knezevic, Milorad"]
[WhiteElo "2480"]
[BlackElo "2505"]
[Result "0-1"]
[PlyCount "44"]
[EventDate "1978.11.22"]

1. d4 Nf6 2. c4 e6 3. Nc3 Bb4 4. Qc2 O-O 5. Nf3 b6 6. e4 Bb7 7. Bd3 d5 8. cxd5
exd5 9. e5 Ne4 10. O-O Bxc3 11. bxc3 Nc6 12. Bxe4 dxe4 13. Qxe4 Na5 14. Qg4 Qc8
15. Qxc8 Raxc8 16. Ng5 Rfe8 17. Be3 f6 18. exf6 gxf6 19. Nh3 Bd5 20. Rfe1 Nc4
21. Bf4 c6 22. f3 Na3 {...} 0-1

[Event "Torneo Zonale"]
[Site "Praia da Rocha POR"]
[Date "1978.11.??"]
[Round "?"]
[White "Toth, Bela"]
[Black "Makropoulos, Georgios"]
[WhiteElo "2480"]
[BlackElo "2345"]
[Result "0-1"]
[PlyCount "106"]
[EventDate "1978.11.22"]

1. d4 d5 2. c4 dxc4 3. Nf3 Nf6 4. Nc3 a6 5. e4 b5 6. e5 Nd5 7. a4 Nxc3 8. bxc3
Qd5 9. g3 Be6 10. Bg2 Qb7 11. O-O Bd5 12. e6 fxe6 13. Bf4 Nd7 14. axb5 axb5 15.
Rxa8+ Qxa8 16. Bxc7 g6 17. Nh4 Qc6 18. Be5 Nf6 19. Bxd5 exd5 20. Qa1 Bg7 21.
Qa7 Kf7 22. Ra1 Rd8 23. Nf3 h6 24. Bc7 Qe8 25. Ne5+ Kg8 26. Bxd8 Qxd8 27. Nxg6
Ne4 28. Nxe7+ Kh7 29. Nf5 Qf6 30. Qd7 Kg6 31. g4 Kg5 32. Qxg7+ Qxg7 33. Nxg7
Nxc3 34. Ne6+ Kxg4 35. Kg2 b4 36. Nc5 b3 37. Ra6 b2 38. Rb6 b1=Q 39. Rxb1 Nxb1
40. Nd7 c3 41. Nc5 Nd2 42. Nd3 Nb3 43. Nb4 Nxd4 44. Na2 c2 45. Nc1 Kf4 46. Kf1
Ke4 47. h4 h5 48. Ke1 Nf3+ 49. Ke2 d4 50. Nd3 Ne5 51. Nc5+ Kd5 52. Nb3 Kc4 53.
Nc1 Kc3 0-1